000
00269nam a2200097Ia 4500
001
1228937
005
20250827093051.0
008
250824s9999 xx 000 0 und d
245
0
_a
UÇAN MOTOR
_c
GÜLTEN DAYIOĞLU
260
_b
ALTIN KİTAPLAR YAYINLARI
999
_c
1228937
_d
1228937